Studium na vysokých školách

Guardado en:
Detalles Bibliográficos
Formato: Libro
Lenguaje:checo
Publicado: Praha Státní pedagogické nakladatelství 1972
Edición:9. přeprac. vyd.
Etiquetas: Agregar Etiqueta
Sin Etiquetas, Sea el primero en etiquetar este registro!

MARC

LEADER 00000nam a2200000 4500
001 c121593
005 20250701072803.2
041 0 |a cze 
044 |a CZ 
245 1 0 |a Studium na vysokých školách  |c Zost. Karel Špaček 
250 |a 9. přeprac. vyd. 
264 1 |a Praha  |b Státní pedagogické nakladatelství  |c 1972 
300 |a 188 s.